Successful soul winning. (Record no. 10555)

000 -LEADER
fixed length control field 00544nam a2200181 a 4500
001 - CONTROL NUMBER
control field :::00008344$&:&@@
003 - CONTROL NUMBER IDENTIFIER
control field OkBaRHE
005 - DATE AND TIME OF LATEST TRANSACTION
control field 20000607103343.0
008 - FIXED-LENGTH DATA ELEMENTS--GENERAL INFORMATION
fixed length control field s1981 j 000 0 eng u
040 ## - CATALOGING SOURCE
Transcribing agency
100 1# - MAIN ENTRY--PERSONAL NAME
Personal name Brannon, Clift.
245 10 - TITLE STATEMENT
Title Successful soul winning.
260 ## - PUBLICATION, DISTRIBUTION, ETC. (IMPRINT)
Place of publication, distribution, etc Philadelphia, PA., :
Name of publisher, distributor, etc National Publishing Co.
Date of publication, distribution, etc c1981
300 ## - PHYSICAL DESCRIPTION
Extent 158 p. ;
Dimensions 21 cm.
650 ## - SUBJECT ADDED ENTRY--TOPICAL TERM
Topical term or geographic name as entry element Evangelistic Work
942 ## - ADDED ENTRY ELEMENTS (KOHA)
Source of classification or shelving scheme
Koha item type Books
Copies
Shelving location Koha item type Date acquired Price effective from Barcode Not for loan Source of classification or shelving scheme Date last seen Lost status Copy number Full call number Withdrawn status Damaged status Permanent Location
General StacksBooks2010-04-142010-04-148344  2010-04-14 1BV 3790 .B655  RHEMA Bible Training College